Perspective on HRD measures for effective governance (Record no. 39377)

000 -LEADER
fixed length control field 01062pab a2200205 454500
008 - FIXED-LENGTH DATA ELEMENTS--GENERAL INFORMATION
fixed length control field 180718b1998 xxu||||| |||| 00| 0 eng d
100 ## - MAIN ENTRY--PERSONAL NAME
Personal name Sharma, Bharati
245 ## - TITLE STATEMENT
Title Perspective on HRD measures for effective governance
260 ## - PUBLICATION, DISTRIBUTION, ETC.
Date of publication, distribution, etc. 1998
300 ## - PHYSICAL DESCRIPTION
Extent p.495-503.
362 ## - DATES OF PUBLICATION AND/OR SEQUENTIAL DESIGNATION
Dates of publication and/or sequential designation Jul-Sep
520 ## - SUMMARY, ETC.
Summary, etc. With a discussion on the need to realise fuller participation of personnel in attaining good governance in the present context, the author discusses devising of a suitable HRD strategy embodying a career planning system with a built-in mechanism for training, rewards, development of individual careers under a career development system to ensure advancement and growth of its employees. She then discusses certain factors impeding the progress of HRD in government and gives suggestions to remedy the situation. - Reproduced
650 ## - SUBJECT ADDED ENTRY--TOPICAL TERM
Topical term or geographic name entry element Public administration
650 ## - SUBJECT ADDED ENTRY--TOPICAL TERM
Topical term or geographic name entry element Human resources development
650 ## - SUBJECT ADDED ENTRY--TOPICAL TERM
Topical term or geographic name entry element Civil service
650 ## - SUBJECT ADDED ENTRY--TOPICAL TERM
Topical term or geographic name entry element Good governance
773 ## - HOST ITEM ENTRY
Main entry heading Indian Journal of Public Administration
908 ## - PUT COMMAND PARAMETER (RLIN)
Put command parameter N
909 ## -
-- 39377
Holdings
Withdrawn status Lost status Damaged status Not for loan Permanent Location Current Location Date acquired Serial Enumeration / chronology Barcode Date last seen Price effective from Koha item type
        Indian Institute of Public Administration Indian Institute of Public Administration 2018-07-19 Volume no: 44, Issue no: 3 AR39743 2018-07-19 2018-07-19 Articles

Powered by Koha